[Event "Ohm-Gymnasium Erlangen-Robert-Mayer-Gym."]
[Site "Verden/Aller"]
[Date "2011.05.14"]
[Round "1.1"]
[White "Wenninger, Philipp"]
[Black "Miller, Eduard"]
[Result "1-0"]
[WhiteElo "2164"]
[BlackElo "2156"]
[PlyCount "65"]
[EventDate "2011.??.??"]
[WhiteTeam "Robert-Mayer-Gym. Heilbronn"]
[BlackTeam "Ohm-Gymnasium Erlangen"]

1. d4 Nf6 2. c4 g6 3. Nc3 d5 4. cxd5 Nxd5 5. e4 Nxc3 6. bxc3 Bg7 7. Bc4 c5 8.
Ne2 Nc6 9. Be3 O-O 10. O-O Qc7 11. Rc1 Rd8 12. h4 Bd7 13. h5 a6 14. hxg6 hxg6
15. Nf4 b5 16. Bb3 c4 17. Bc2 e5 18. Nd5 Qa5 19. f4 exf4 20. Bxf4 Be6 21. Bc7
Qa3 22. Bxd8 Rxd8 23. Qf3 b4 24. Nf4 bxc3 25. Nxe6 fxe6 26. Qf7+ Kh8 27. e5
Nxd4 28. Qxg6 Nxc2 29. Rxc2 Qc5+ 30. Kh1 Qxe5 31. Rcf2 c2 32. Rf3 Qc7 33. Rh3+
1-0

[Event "Ohm-Gymnasium Erlangen-Robert-Mayer-Gym."]
[Site "Verden/Aller"]
[Date "2011.05.14"]
[Round "1.2"]
[White "Klek, Hanna-Marie"]
[Black "Zuferi, Enis"]
[Result "1-0"]
[WhiteElo "2136"]
[BlackElo "2061"]
[PlyCount "41"]
[EventDate "2011.??.??"]
[WhiteTeam "Ohm-Gymnasium Erlangen"]
[BlackTeam "Robert-Mayer-Gym. Heilbronn"]

1. e4 c5 2. Nf3 d6 3. d4 cxd4 4. Nxd4 Nf6 5. Nc3 a6 6. Bg5 e6 7. f4 b5 8. e5
dxe5 9. fxe5 Qc7 10. exf6 Qe5+ 11. Be2 Qxg5 12. O-O Ra7 13. Qd3 Rd7 14. Ne4 Qe5
15. Nf3 Qc7 16. Qe3 Bb7 17. a4 Qxc2 18. Nc3 b4 19. Rac1 Qf5 20. Ne5 Rc7 21.
fxg7 1-0

[Event "Ohm-Gymnasium Erlangen-Robert-Mayer-Gym."]
[Site "Verden/Aller"]
[Date "2011.05.14"]
[Round "1.4"]
[White "Korn, Lukas Alexander"]
[Black "Paul, Moritz"]
[Result "1-0"]
[WhiteElo "1599"]
[BlackElo "924"]
[PlyCount "97"]
[EventDate "2011.??.??"]
[WhiteTeam "Ohm-Gymnasium Erlangen"]
[BlackTeam "Robert-Mayer-Gym. Heilbronn"]

1. e4 e5 2. Nf3 Nc6 3. Bc4 Nf6 4. d4 d6 5. dxe5 dxe5 6. Qxd8+ Kxd8 7. Bg5 Bb4+
8. c3 Ba5 9. Bxf7 Rf8 10. Bb3 h6 11. Bh4 Bg4 12. Nbd2 Bxf3 13. Nxf3 Ke7 14.
O-O-O Rad8 15. Rxd8 Rxd8 16. Bxf6+ gxf6 17. Rd1 Rxd1+ 18. Kxd1 Bb6 19. Ke2 Na5
20. Bg8 Kf8 21. Be6 Ke7 22. Bf5 c5 23. Nd2 c4 24. b4 cxb3 25. axb3 Kd6 26. b4
Nc6 27. Nc4+ Kc7 28. Nxb6 Kxb6 29. Ke3 Kb5 30. Bd7 Kc4 31. Bxc6 bxc6 32. Kd2 c5
33. bxc5 Kxc5 34. g3 a5 35. Kc2 Kc4 36. f4 a4 37. fxe5 fxe5 38. g4 a3 39. h4 a2
40. Kb2 a1=Q+ 41. Kxa1 Kxc3 42. g5 hxg5 43. hxg5 Kd4 44. g6 Kxe4 45. g7 Kf3 46.
g8=Q e4 47. Qg1 Ke2 48. Kb2 Kd3 49. Qe1 1-0

[Event "Stadtgymnasium Köln-Porz-Justus-Liebig-S"]
[Site "Verden/Aller"]
[Date "2011.05.14"]
[Round "1.1"]
[White "Göbel, Constantin"]
[Black "Finke, Kai"]
[Result "1-0"]
[WhiteElo "2185"]
[BlackElo "1837"]
[PlyCount "60"]
[EventDate "2011.??.??"]
[WhiteTeam "Justus-Liebig-Schule Darmstadt"]
[BlackTeam "Stadtgymnasium Köln-Porz"]

1. e4 c5 2. Nf3 d6 3. d4 cxd4 4. Nxd4 Nf6 5. Nc3 g6 6. Be3 Bg7 7. f3 Nc6 8. Qd2
Bd7 9. g4 Rc8 10. h4 h5 11. g5 Nh7 12. Nxc6 bxc6 13. Bd4 Bxd4 14. Qxd4 O-O 15.
Qxa7 Ra8 16. Qd4 Qa5 17. Bc4 Rfb8 18. Bb3 Nf8 19. f4 Ne6 20. Qd2 Nc5 21. O-O-O
Be6 22. Qe3 Qb4 23. Qd4 Qxd4 24. Rxd4 Bxb3 25. cxb3 Rxb3 26. Kc2 Rb7 27. f5
Rab8 28. b3 Rd7 29. Rhd1 Rbd8 30. a4 Rb8 1-0

[Event "Stadtgymnasium Köln-Porz-Justus-Liebig-S"]
[Site "Verden/Aller"]
[Date "2011.05.14"]
[Round "1.2"]
[White "Sabirov, Ramil"]
[Black "Tran, My Linh"]
[Result "1-0"]
[WhiteElo "1739"]
[BlackElo "1874"]
[PlyCount "51"]
[EventDate "2011.??.??"]
[WhiteTeam "Stadtgymnasium Köln-Porz"]
[BlackTeam "Justus-Liebig-Schule Darmstadt"]

1. e4 e5 2. Nf3 Nc6 3. Bb5 f5 4. d3 Nf6 5. Nc3 fxe4 6. dxe4 d6 7. O-O Be7 8.
Bc4 a6 9. Ng5 Rf8 10. Nxh7 Rh8 11. Ng5 Rf8 12. Be3 g6 13. Ne6 Bxe6 14. Bxe6 Rh8
15. Qd3 Kf8 16. Nd5 Kg7 17. Rad1 Nb8 18. f4 Nbd7 19. f5 Ng4 20. fxg6 Ndf6 21.
Bxg4 Nxg4 22. Rf7+ Kxg6 23. Rxe7 c6 24. Bb6 Qf8 25. Rf1 Qg8 26. Qg3 1-0

[Event "Stadtgymnasium Köln-Porz-Justus-Liebig-S"]
[Site "Verden/Aller"]
[Date "2011.05.14"]
[Round "1.3"]
[White "Schmalhorst, Sophia"]
[Black "Krause, Johann"]
[Result "1/2-1/2"]
[WhiteElo "1860"]
[BlackElo "1608"]
[PlyCount "49"]
[EventDate "2011.??.??"]
[WhiteTeam "Justus-Liebig-Schule Darmstadt"]
[BlackTeam "Stadtgymnasium Köln-Porz"]

1. e4 c6 2. d4 d5 3. exd5 cxd5 4. Bd3 Nc6 5. c3 Nf6 6. Nd2 Bg4 7. Ngf3 e6 8.
O-O Bd6 9. Re1 O-O 10. Qb3 Qc7 11. h3 Bh5 12. Be2 Bg6 13. Nh4 Na5 14. Qd1 Bh2+
15. Kh1 Bf4 16. Nxg6 hxg6 17. Bd3 a6 18. Nf3 Nh5 19. Ne5 Nc6 20. Bxf4 Nxf4 21.
Bc2 Nh5 22. a3 Nf6 23. Qf3 Na5 24. Qg3 Rac8 25. Qg5 1/2-1/2

[Event "Stadtgymnasium Köln-Porz-Justus-Liebig-S"]
[Site "Verden/Aller"]
[Date "2011.05.14"]
[Round "1.4"]
[White "Popov, Leonard"]
[Black "Anders, Eric"]
[Result "0-1"]
[WhiteElo "1364"]
[BlackElo "1709"]
[PlyCount "70"]
[EventDate "2011.??.??"]
[WhiteTeam "Stadtgymnasium Köln-Porz"]
[BlackTeam "Justus-Liebig-Schule Darmstadt"]

1. c4 Nf6 2. Nc3 g6 3. g3 Bg7 4. Bg2 d6 5. e3 e5 6. Nge2 O-O 7. O-O Nh5 8. d4
Nc6 9. b3 f5 10. Bd5+ Kh8 11. Bg2 Qf6 12. Nd5 Qf7 13. f4 Nf6 14. dxe5 dxe5 15.
fxe5 Nxe5 16. e4 Nxd5 17. exd5 Nf3+ 18. Bxf3 Bxa1 19. Ba3 Bg7 20. Bxf8 Qxf8 21.
Nd4 Qc5 22. Kg2 Qxd4 23. Qxd4 Bxd4 24. Re1 Bd7 25. Re7 Rd8 26. d6 cxd6 27. Bxb7
Be5 28. c5 Bc8 29. c6 Kg8 30. c7 Bxb7+ 31. Kh3 Rc8 32. Rd7 Ba6 33. Rd8+ Kf7 34.
Rd7+ Ke6 35. Rxh7 Bf1+ 0-1

[Event "Athenaeum Stade-Matthias-Claudius-Gymnas"]
[Site "Verden/Aller"]
[Date "2011.05.14"]
[Round "1.1"]
[White "Xin, Ruidi"]
[Black "Konow, Philipp"]
[Result "1/2-1/2"]
[WhiteElo "1694"]
[BlackElo "1942"]
[PlyCount "57"]
[EventDate "2011.??.??"]
[WhiteTeam "Matthias-Claudius-Gymnasium"]
[BlackTeam "Athenaeum Stade"]

1. e4 c5 2. a3 Nc6 3. b4 a6 4. f4 e5 5. Nf3 exf4 6. Bc4 Qf6 7. Ra2 b5 8. Bb2
Qg6 9. Bd5 Ra7 10. O-O cxb4 11. Ne5 Nxe5 12. Bxe5 Bb7 13. Bxf4 Nf6 14. Bxb7
Rxb7 15. e5 Ne4 16. d3 Nc3 17. Nxc3 bxc3 18. d4 Be7 19. Qf3 Qb6 20. Be3 O-O 21.
d5 Bc5 22. Bxc5 Qxc5+ 23. Kh1 d6 24. e6 f6 25. Raa1 Re7 26. Rae1 Rb8 27. Re3
Rc8 28. Rb1 Qc4 29. Rb3 1/2-1/2

[Event "Athenaeum Stade-Matthias-Claudius-Gymnas"]
[Site "Verden/Aller"]
[Date "2011.05.14"]
[Round "1.2"]
[White "Carmesin, Matthias"]
[Black "Zehic, Emir"]
[Result "1/2-1/2"]
[WhiteElo "1988"]
[BlackElo "1667"]
[PlyCount "92"]
[EventDate "2011.??.??"]
[WhiteTeam "Athenaeum Stade"]
[BlackTeam "Matthias-Claudius-Gymnasium"]

1. e4 c5 2. Nf3 e6 3. d4 cxd4 4. Nxd4 Nf6 5. Nc3 Nc6 6. Nb3 Bb4 7. Bd3 d5 8.
exd5 Nxd5 9. Bd2 Bxc3 10. bxc3 Qc7 11. O-O Ne5 12. Qe1 O-O 13. c4 Nxd3 14. cxd3
Nf6 15. f3 Rd8 16. Qe3 b6 17. Rac1 Ba6 18. Bc3 Qe7 19. Nd4 Qc5 20. Rfe1 Rd7 21.
Nc2 Qxe3+ 22. Rxe3 Rad8 23. Nb4 Bb7 24. d4 Rc8 25. Bb2 a5 26. Nd3 Ba6 27. Ne5
Rdc7 28. Rb3 b5 29. c5 Nd5 30. a3 a4 31. Rd3 f6 32. Ng4 b4 33. Rd2 b3 34. Kf2
Kf7 35. Ne3 Nxe3 36. Kxe3 Rd8 37. Rf2 g6 38. f4 Bb5 39. Kd2 Re7 40. Kc3 Rb8 41.
Re1 Bc6 42. g3 Bd5 43. Rfe2 Ke8 44. Re3 Kd7 45. R3e2 Kc6 46. Re3 Kb5 1/2-1/2

[Event "Athenaeum Stade-Matthias-Claudius-Gymnas"]
[Site "Verden/Aller"]
[Date "2011.05.14"]
[Round "1.3"]
[White "Dalipovic, Jasmin"]
[Black "Lienau, Henrik"]
[Result "0-1"]
[WhiteElo "1609"]
[BlackElo "1684"]
[PlyCount "59"]
[EventDate "2011.??.??"]
[WhiteTeam "Matthias-Claudius-Gymnasium"]
[BlackTeam "Athenaeum Stade"]

1. e4 c5 2. Nf3 d6 3. d4 cxd4 4. Nxd4 Nf6 5. Nc3 g6 6. Be3 Bg7 7. f3 O-O 8. Qd2
Nc6 9. O-O-O d5 10. Kb1 dxe4 11. Nxc6 Qxd2 12. Nxe7+ Kh8 13. Bxd2 exf3 14. gxf3
Be6 15. Bb5 Rfd8 16. Bf4 Bf8 17. Nxg6+ hxg6 18. Be5 Bg7 19. Ne4 Nxe4 20. Bxg7+
Kxg7 21. fxe4 Rh8 22. Bd7 Kf6 23. Bxe6 Kxe6 24. Kc1 Rh4 25. Rd4 Rah8 26. Kd2
Rxh2+ 27. Rxh2 Rxh2+ 28. Kc3 g5 29. Rd5 f6 30. Rd8 0-1

[Event "Edith Stein Schule Erfurt-Humboldtschule"]
[Site "Verden/Aller"]
[Date "2011.05.14"]
[Round "1.1"]
[White "Petkidis, Anthony"]
[Black "Friedt, Marius"]
[Result "1-0"]
[WhiteElo "2155"]
[BlackElo "1814"]
[PlyCount "41"]
[EventDate "2011.??.??"]
[WhiteTeam "Humboldtschule Hannover"]
[BlackTeam "Edith Stein Schule Erfurt"]

1. c4 c5 2. Nc3 Nc6 3. Nf3 e5 4. d3 g6 5. Bg5 f6 6. Bd2 Bg7 7. g3 Nge7 8. Bg2
O-O 9. O-O d6 10. a3 Bg4 11. Rb1 h5 12. b4 Qd7 13. Re1 Nf5 14. Nd5 h4 15. Qa4
Nfd4 16. Nxd4 Nxd4 17. Qxd7 Bxd7 18. bxc5 dxc5 19. Rxb7 Ba4 20. e3 Nc6 21. Nc3
1-0

[Event "Edith Stein Schule Erfurt-Humboldtschule"]
[Site "Verden/Aller"]
[Date "2011.05.14"]
[Round "1.2"]
[White "Lindner, Ferdinand"]
[Black "Jung, Mark-Alexander"]
[Result "1-0"]
[WhiteElo "1618"]
[BlackElo "1764"]
[PlyCount "65"]
[EventDate "2011.??.??"]
[WhiteTeam "Edith Stein Schule Erfurt"]
[BlackTeam "Humboldtschule Hannover"]

1. e4 c5 2. d4 cxd4 3. c3 dxc3 4. Nxc3 Nc6 5. Nf3 d6 6. Bc4 Nf6 7. e5 dxe5 8.
Qxd8+ Kxd8 9. Ng5 Nd4 10. O-O Bf5 11. Nxf7+ Ke8 12. Nxh8 e6 13. Nb5 Rc8 14.
Nxd4 exd4 15. Bb3 Bc5 16. Re1 Ke7 17. Bg5 Rxh8 18. Rac1 Bb6 19. Re5 h6 20. Rce1
hxg5 21. Rxf5 d3 22. Rxe6+ Kd7 23. Re1 d2 24. Rd1 Ne4 25. Bc2 Re8 26. Bxe4 Rxe4
27. Rd5+ Ke6 28. R5xd2 Ke5 29. Kf1 Kf4 30. g3+ Kf5 31. Kg2 g4 32. Rd7 Re2 33.
R1d2 1-0

[Event "Edith Stein Schule Erfurt-Humboldtschule"]
[Site "Verden/Aller"]
[Date "2011.05.14"]
[Round "1.3"]
[White "Traulsen, Timo"]
[Black "Knorre, Jonas"]
[Result "1-0"]
[WhiteElo "1587"]
[BlackElo "1497"]
[PlyCount "55"]
[EventDate "2011.??.??"]
[WhiteTeam "Humboldtschule Hannover"]
[BlackTeam "Edith Stein Schule Erfurt"]

1. c4 Nf6 2. Nc3 g6 3. g3 Bg7 4. Bg2 O-O 5. Nf3 d6 6. O-O e5 7. d4 Nfd7 8. dxe5
Nxe5 9. Nxe5 Bxe5 10. Qb3 Nc6 11. Bh6 Bg7 12. Bxg7 Kxg7 13. Rfd1 Na5 14. Qa4 c5
15. Ne4 Bd7 16. Qc2 Nc6 17. Qc3+ f6 18. Rxd6 Nd4 19. Qd2 Qe7 20. e3 f5 21. exd4
fxe4 22. dxc5 Bc6 23. Qd4+ Kg8 24. Re1 Rad8 25. Bxe4 Rxd6 26. cxd6 Qd7 27. Bxc6
bxc6 28. Re7 1-0

[Event "Edith Stein Schule Erfurt-Humboldtschule"]
[Site "Verden/Aller"]
[Date "2011.05.14"]
[Round "1.4"]
[White "Bodenstein, Lars"]
[Black "Lebek, Ricarda"]
[Result "1/2-1/2"]
[WhiteElo "1503"]
[BlackElo "1732"]
[PlyCount "85"]
[EventDate "2011.??.??"]
[WhiteTeam "Edith Stein Schule Erfurt"]
[BlackTeam "Humboldtschule Hannover"]

1. d4 e6 2. c4 d5 3. cxd5 exd5 4. Nc3 Nf6 5. Bg5 c6 6. Nf3 Bf5 7. e3 Nbd7 8.
Bd3 Bg4 9. h3 Bh5 10. O-O Bd6 11. e4 dxe4 12. Nxe4 Be7 13. Re1 O-O 14. Qc2 h6
15. Bxf6 Bxf6 16. Nxf6+ Qxf6 17. Ne5 Nxe5 18. Rxe5 Bg6 19. Bxg6 fxg6 20. Rae1
Rad8 21. Qb3+ Qf7 22. Qxf7+ Rxf7 23. Re8+ Rxe8 24. Rxe8+ Rf8 25. Re7 Rf7 26.
Re8+ Rf8 27. Rxf8+ Kxf8 28. Kf1 Ke7 29. Ke2 Ke6 30. Kd3 Kd5 31. f3 b6 32. b4 a5
33. a3 axb4 34. axb4 c5 35. dxc5 bxc5 36. bxc5 Kxc5 37. Ke4 Kd6 38. g4 Ke6 39.
f4 Kf6 40. Kd5 h5 41. Ke4 h4 42. g5+ Ke6 43. Kf3 1/2-1/2

[Event "St. Benno-Gymnasium Dresden-Deutsch-fran"]
[Site "Verden/Aller"]
[Date "2011.05.14"]
[Round "1.1"]
[White "Muheim, Sebastien"]
[Black "Zimm, Justus"]
[Result "1-0"]
[WhiteElo "2099"]
[BlackElo "1898"]
[PlyCount "71"]
[EventDate "2011.??.??"]
[WhiteTeam "Deutsch-französ. Gym. Freiburg"]
[BlackTeam "St. Benno-Gymnasium Dresden"]

1. d4 Nf6 2. c4 g6 3. f3 Bg7 4. e4 d6 5. Nc3 O-O 6. Nge2 Nc6 7. Be3 a6 8. Qd2
Rb8 9. Nc1 e5 10. d5 Nd4 11. Nb3 Nxb3 12. axb3 Nh5 13. O-O-O f5 14. b4 Nf6 15.
exf5 gxf5 16. Bd3 c6 17. Be2 Ne8 18. c5 dxc5 19. Bxc5 Rf6 20. f4 b6 21. Be3 Rd6
22. fxe5 Bxe5 23. Bf4 Qf6 24. Bc4 Kf8 25. Rhe1 Bxf4 26. Qxf4 cxd5 27. Rxd5 Rc6
28. Qxb8 Rxc4 29. Qe5 Qg5+ 30. Kb1 Ng7 31. Ne4 Qh4 32. g3 Rxe4 33. gxh4 Rxe5
34. Rexe5 Kf7 35. Rd6 f4 36. Rd2 1-0

[Event "St. Benno-Gymnasium Dresden-Deutsch-fran"]

[Site "Verden/Aller"]
[Date "2011.05.14"]
[Round "1.3"]
[White "Hansen, Oliver"]
[Black "Grunwald, Martin"]
[Result "0-1"]
[WhiteElo "1538"]
[BlackElo "1723"]
[PlyCount "58"]
[EventDate "2011.??.??"]
[WhiteTeam "Deutsch-französ. Gym. Freiburg"]
[BlackTeam "St. Benno-Gymnasium Dresden"]

1. e4 e6 2. d4 d5 3. Nc3 Nf6 4. exd5 exd5 5. Nf3 Be7 6. Bf4 c6 7. Qd2 Bf5 8.
Bd3 Bxd3 9. Qxd3 Nbd7 10. O-O O-O 11. Rfe1 Re8 12. Re2 Nh5 13. Be5 Nxe5 14.
Nxe5 Nf4 15. Qf5 Nxe2+ 16. Nxe2 Bf6 17. f4 Qc8 18. Qh5 g6 19. Qh6 Bg7 20. Qh4
f6 21. Ng4 Rxe2 22. Nxf6+ Bxf6 23. Qxf6 Qe6 24. Qh4 Re8 25. Kf1 Rxc2 26. Re1
Qxe1+ 27. Qxe1 Rxe1+ 28. Kxe1 Rxb2 29. Kf1 Rxa2 0-1

[Event "St. Benno-Gymnasium Dresden-Deutsch-fran"]
[Site "Verden/Aller"]
[Date "2011.05.14"]
[Round "1.4"]
[White "Teich, Thomas"]
[Black "Schlaich, Tarek"]
[Result "0-1"]
[WhiteElo "1652"]
[BlackElo "800"]
[PlyCount "46"]
[EventDate "2011.??.??"]
[WhiteTeam "St. Benno-Gymnasium Dresden"]
[BlackTeam "Deutsch-französ. Gym. Freiburg"]

1. e4 e5 2. Nf3 Nc6 3. Bb5 Bc5 4. c3 Nf6 5. O-O O-O 6. Re1 d6 7. h3 Re8 8. d3
Be6 9. a3 a6 10. Ba4 b5 11. Bc2 d5 12. b4 Bb6 13. Bb2 dxe4 14. dxe4 Qxd1 15.
Rxd1 Rad8 16. Rxd8 Rxd8 17. Nbd2 h6 18. Re1 g5 19. g4 h5 20. Re2 hxg4 21. Nxg5
gxh3 22. Nxe6 fxe6 23. Kh2 Nh5 0-1

[Event "Bismarckschule Elmshorn-Albert-Einstein-"]
[Site "Verden/Aller"]
[Date "2011.05.14"]
[Round "1.1"]
[White "Stövesand, Eric"]
[Black "Powierski, Emil"]
[Result "0-1"]
[WhiteElo "1895"]
[BlackElo "1997"]
[PlyCount "83"]
[EventDate "2011.??.??"]
[WhiteTeam "Albert-Einstein-Gym Neubrandenb."]
[BlackTeam "Bismarckschule Elmshorn"]

1. e4 c6 2. d4 d5 3. Nc3 dxe4 4. Nxe4 Bf5 5. Ng3 Bg6 6. Nf3 Nd7 7. Bd3 e6 8.
Bxg6 hxg6 9. Bd2 Ngf6 10. Qe2 Bd6 11. O-O-O Qc7 12. Kb1 O-O-O 13. Bg5 Rhe8 14.
Qc4 Bf4 15. d5 Bxg5 16. dxc6 Bf4 17. cxd7+ Rxd7 18. Qxc7+ Kxc7 19. Ne2 Bd6 20.
Nfd4 a6 21. f3 Red8 22. Nb3 Be5 23. Rde1 Nd5 24. Nec1 Bd6 25. Re4 Nf6 26. Rc4+
Kb8 27. Nd3 b5 28. Rc6 Ka7 29. a3 Nd5 30. Nbc5 Bxc5 31. Nxc5 Rd6 32. Rxd6 Rxd6
33. Ne4 Rd7 34. Rd1 f5 35. Nc5 Nc3+ 36. bxc3 Rxd1+ 37. Kb2 Rd2 38. g4 Re2 39.
h4 Kb6 40. Nd3 fxg4 41. fxg4 Re4 42. h5 0-1

[Event "Bismarckschule Elmshorn-Albert-Einstein-"]
[Site "Verden/Aller"]
[Date "2011.05.14"]
[Round "1.2"]
[White "Kossinz, Alex"]
[Black "Baier, Christoph"]
[Result "1-0"]
[WhiteElo "1687"]
[BlackElo "1832"]
[PlyCount "60"]
[EventDate "2011.??.??"]
[WhiteTeam "Bismarckschule Elmshorn"]
[BlackTeam "Albert-Einstein-Gym Neubrandenb."]

1. e4 d5 2. exd5 Nf6 3. Nf3 Nxd5 4. d4 g6 5. c4 Nb6 6. Nc3 Bg7 7. Be3 O-O 8.
Be2 Nc6 9. h3 e5 10. d5 Ne7 11. O-O h6 12. a4 f5 13. a5 Nd7 14. Nb5 a6 15. Nxc7
Qxc7 16. d6 Qd8 17. dxe7 Qxe7 18. Qd5+ Kh7 19. Rfd1 e4 20. Ne1 Bxb2 21. Rab1
Bg7 22. Bf4 Be5 23. Bxe5 Qxe5 24. Nc2 Qxd5 25. Rxd5 Nf6 26. Rd6 Rf7 27. Nd4 Kg7
28. Rbb6 Ra7 29. c5 Bd7 30. Bc4 Rf8 1-0

[Event "Bismarckschule Elmshorn-Albert-Einstein-"]
[Site "Verden/Aller"]
[Date "2011.05.14"]
[Round "1.3"]
[White "Stövesand, Peter"]
[Black "Böge, Julian"]
[Result "1-0"]
[WhiteElo "1756"]
[BlackElo "1532"]
[PlyCount "67"]
[EventDate "2011.??.??"]
[WhiteTeam "Albert-Einstein-Gym Neubrandenb."]
[BlackTeam "Bismarckschule Elmshorn"]

1. e4 e5 2. Nf3 Nc6 3. Bb5 a6 4. Ba4 Nf6 5. O-O b5 6. Bb3 Be7 7. Re1 O-O 8. c3
d5 9. exd5 Nxd5 10. Nxe5 Nxe5 11. Rxe5 c6 12. d4 Bd6 13. Re1 Qh4 14. g3 Qh3 15.
Be3 Bg4 16. Qd3 Bf3 17. Qf1 Qh5 18. Nd2 Bg4 19. a4 f5 20. Bxd5+ cxd5 21. f4 Bh3
22. Qf3 Qf7 23. Bf2 Bg4 24. Qd3 g5 25. Be3 gxf4 26. Bxf4 Bxf4 27. gxf4 Qg6 28.
Kh1 Kh8 29. Rg1 Qh6 30. Qg3 Rg8 31. Rae1 bxa4 32. Re5 Rab8 33. Qe3 Rxb2 34. Re8
1-0

[Event "Bismarckschule Elmshorn-Albert-Einstein-"]
[Site "Verden/Aller"]
[Date "2011.05.14"]
[Round "1.4"]
[White "Xia, Yuting"]
[Black "Dao Xuan, Duong"]
[Result "0-1"]
[WhiteElo "800"]
[BlackElo "1548"]
[PlyCount "60"]
[EventDate "2011.??.??"]
[WhiteTeam "Bismarckschule Elmshorn"]
[BlackTeam "Albert-Einstein-Gym Neubrandenb."]

1. e4 e5 2. Nc3 Nf6 3. Nf3 Nc6 4. Bc4 Nxe4 5. Nxe4 d5 6. Nc3 dxc4 7. d3 cxd3 8.
cxd3 Bb4 9. a3 Ba5 10. b4 Bb6 11. Bg5 f6 12. Bh4 Bg4 13. h3 Bh5 14. Qa4 Qxd3
15. Rd1 Qxc3+ 16. Rd2 O-O 17. O-O Bxf3 18. gxf3 Qxd2 19. Bg3 Nd4 20. Qb3+ Nxb3
21. Kg2 Rad8 22. Rb1 Qc2 23. Re1 Rd2 24. Rf1 f5 25. a4 f4 26. Bh4 g5 27. Bxg5
Bxf2 28. Rxf2 Rxf2+ 29. Kg1 Rh2 30. Bh4 Qg2# 0-1

[Event "Georg-Cantor-Gym. Halle-Illtal Gymnasium"]
[Site "Verden/Aller"]
[Date "2011.05.14"]
[Round "1.1"]
[White "Kuhn, Patrick"]
[Black "Gering, Samuel"]
[Result "1-0"]
[WhiteElo "1893"]
[BlackElo "1986"]
[PlyCount "90"]
[EventDate "2011.??.??"]
[WhiteTeam "Illtal Gymnasium Illingen"]
[BlackTeam "Georg-Cantor-Gym. Halle"]

1. c4 f5 2. Nc3 Nf6 3. g3 g6 4. Bg2 Bg7 5. d3 O-O 6. e4 fxe4 7. dxe4 d6 8. Nge2
e5 9. O-O Be6 10. Nd5 c6 11. Ne3 Na6 12. Nc3 Qd7 13. Qe2 Bh3 14. Rd1 Bxg2 15.
Kxg2 Qe6 16. b3 Nc5 17. f3 a5 18. Ba3 Rad8 19. Rd2 Qc8 20. Rad1 Qc7 21. Bxc5
dxc5 22. Rd3 Rxd3 23. Qxd3 Qf7 24. Na4 Ne8 25. Nc2 g5 26. Nxc5 Nd6 27. Ne1 Rd8
28. Qd2 g4 29. Qg5 gxf3+ 30. Nxf3 Rf8 31. Rf1 Qg6 32. Qxg6 hxg6 33. Ne6 Re8 34.
Nxg7 Kxg7 35. Ng5 Re7 36. Rd1 Kf6 37. h4 Nf7 38. Rf1+ Kg7 39. Rxf7+ Rxf7 40.
Nxf7 Kxf7 41. Kf3 Kf6 42. Kg4 b6 43. h5 gxh5+ 44. Kxh5 Kg7 45. Kg5 b5 1-0

[Event "Georg-Cantor-Gym. Halle-Illtal Gymnasium"]
[Site "Verden/Aller"]
[Date "2011.05.14"]
[Round "1.2"]
[White "Sieber, Martin"]
[Black "Biesel, Mario"]
[Result "1-0"]
[WhiteElo "1775"]
[BlackElo "1721"]
[PlyCount "51"]
[EventDate "2011.??.??"]
[WhiteTeam "Georg-Cantor-Gym. Halle"]
[BlackTeam "Illtal Gymnasium Illingen"]

1. c4 Nc6 2. Nc3 e5 3. e3 g6 4. Nf3 Bg7 5. Be2 f5 6. d3 Nge7 7. O-O O-O 8. a3
d6 9. Qc2 a5 10. b3 h6 11. Bb2 g5 12. h3 Ng6 13. Rad1 f4 14. d4 Nce7 15. Bd3
Nf5 16. dxe5 fxe3 17. exd6 exf2+ 18. Qxf2 cxd6 19. Rfe1 Qf6 20. Na4 Qf7 21. Nb6
Rb8 22. c5 Kh8 23. Bc4 Qc7 24. cxd6 Qd8 25. d7 Bxd7 26. Rxd7 1-0

[Event "Georg-Cantor-Gym. Halle-Illtal Gymnasium"]
[Site "Verden/Aller"]
[Date "2011.05.14"]
[Round "1.3"]
[White "Herber, Patrick"]
[Black "Feuerherdt, Martin"]
[Result "0-1"]
[WhiteElo "1157"]
[BlackElo "1606"]
[PlyCount "43"]
[EventDate "2011.??.??"]
[WhiteTeam "Illtal Gymnasium Illingen"]
[BlackTeam "Georg-Cantor-Gym. Halle"]

1. d4 d5 2. c4 e6 3. Nc3 Nf6 4. Nf3 Nbd7 5. Bf4 Bb4 6. Qd2 Ne4 7. Qe3 O-O 8. a3
Bxc3+ 9. bxc3 Ndf6 10. Bg5 Nxg5 11. Qxg5 h6 12. Qe5 c6 13. e3 Qa5 14. Rd1 Qxc3+
15. Rd2 Ne4 16. Be2 Nxd2 17. Nxd2 dxc4 18. Qe4 Qc1+ 19. Bd1 Qxa3 20. Bc2 f5 21.
Qe5 c3 22. Nb1 0-1

[Event "Georg-Cantor-Gym. Halle-Illtal Gymnasium"]
[Site "Verden/Aller"]
[Date "2011.05.14"]
[Round "1.4"]
[White "Hoffmann, Dustin"]
[Black "Klesen, Jonas"]
[Result "0-1"]
[WhiteElo "1608"]
[BlackElo "1237"]
[PlyCount "75"]
[EventDate "2011.??.??"]
[WhiteTeam "Georg-Cantor-Gym. Halle"]
[BlackTeam "Illtal Gymnasium Illingen"]

1. e4 e5 2. Nf3 Nc6 3. d4 Bd6 4. Bc4 Nf6 5. Bg5 exd4 6. Nxd4 Be7 7. Nc3 Nxe4 8.
Nxc6 bxc6 9. Bxe7 Qxe7 10. O-O Nxc3 11. bxc3 O-O 12. Rb1 d5 13. Bd3 Be6 14. Qh5
h6 15. Kh1 Rab8 16. f4 Rxb1 17. Rxb1 d4 18. Qe5 Re8 19. cxd4 f6 20. Qe4 f5 21.
Qxc6 Bxa2 22. Bc4+ Kf8 23. Rf1 Bxc4 24. Qxc4 Qe2 25. Qb4+ Kf7 26. Qb3+ Kf6 27.
Kg1 Qe3+ 28. Qxe3 Rxe3 29. g3 Rc3 30. Rf2 a5 31. d5 a4 32. Re2 Kf7 33. Rd2 a3
34. d6 cxd6 35. Rxd6 a2 36. Ra6 Rxc2 37. Kf1 Rc1+ 38. Ke2 0-1

[Event "Louise Henriette Gym Oranienburg-Herder-"]
[Site "Verden/Aller"]
[Date "2011.05.14"]
[Round "1.1"]
[White "Rolfes, Leon"]
[Black "Eichler, Jan-Christoph"]
[Result "1/2-1/2"]
[WhiteElo "1924"]
[BlackElo "1759"]
[PlyCount "63"]
[EventDate "2011.??.??"]
[WhiteTeam "Herder-Gymnasium"]
[BlackTeam "Louise Henriette Gym Oranienburg"]

1. d4 Nf6 2. Bg5 d5 3. Nf3 g6 4. e3 Bg7 5. c4 O-O 6. Nc3 c5 7. cxd5 Qa5 8. Qa4
Qxa4 9. Nxa4 cxd4 10. Bxf6 Bxf6 11. Nxd4 Bxd4 12. exd4 Rd8 13. Nc3 a6 14. a4
Nd7 15. g3 Nf6 16. Bg2 Rb8 17. O-O b5 18. axb5 axb5 19. Ra7 b4 20. Na4 Nxd5 21.
Bxd5 Rxd5 22. Rxe7 Be6 23. Nc5 Rxd4 24. Nxe6 fxe6 25. Rxe6 Rd2 26. b3 Rb2 27.
Re3 Rc8 28. Rfe1 Rcc2 29. Re7 Rxf2 30. Re8+ Rf8 31. R8e7 Rff2 32. Re8+ {
Partieverlauf weiter nicht rekonstruierbar} 1/2-1/2

[Event "Louise Henriette Gym Oranienburg-Herder-"]
[Site "Verden/Aller"]
[Date "2011.05.14"]
[Round "1.2"]
[White "Polakowski, Lukas-Raphael"]
[Black "Kostré, Margarita"]
[Result "0-1"]
[WhiteElo "1587"]
[BlackElo "1771"]
[PlyCount "58"]
[EventDate "2011.??.??"]
[WhiteTeam "Louise Henriette Gym Oranienburg"]
[BlackTeam "Herder-Gymnasium"]

1. d4 Nf6 2. c4 c5 3. dxc5 e6 4. Nc3 Bxc5 5. Nf3 d5 6. cxd5 exd5 7. Bg5 Be6 8.
e4 Qb6 9. Bb5+ Nbd7 10. O-O Nxe4 11. Bxd7+ Bxd7 12. Bh4 Nxc3 13. bxc3 Be6 14.
Rb1 Qa5 15. Qb3 O-O 16. Nd4 Bxd4 17. cxd4 b6 18. Rfe1 Rac8 19. Rbc1 Rc4 20. Qb2
Rfc8 21. Bg5 Rc2 22. Qb1 Bf5 23. Rxc2 Bxc2 24. Qc1 h6 25. Bd2 Qxa2 26. Re2 Bf5
27. Qe1 Qa4 28. Be3 b5 29. h3 b4 0-1